Hauptstädte der Länder, die mit P beginnen - Statistiken

Allgemein
  • Dieses Quiz wurde 367 mal gespielt
  • Das Durchschnittsergebnis liegt bei 8 aus 10
Antwortstatistiken
P Land Hauptstadt % Korrekt
Portugal Lissabon
99%
Polen Warschau
99%
Panama Panama-Stadt
96%
Peru Lima
95%
Pakistan Islamabad
93%
Philippinen Manila
91%
Paraguay Asuncion
82%
Papua-Neuguinea Port Moresby
62%
Palästina Ramallah
58%
Palau Ngerulmud
37%
Keine übereinstimmenden Quizze gefunden
Verteilung der Resultate
Anzahl Personen mit jedem Resultat
Perzentil nach korrekt beantworteten Fragen
Ihre Resultats-Entwicklung
Sie haben dieses Quiz noch nicht gespielt